| 000 | 00350nam a22001217a 4500 | ||
|---|---|---|---|
| 008 | 150928b xxu||||| |||| 00| 0 eng d | ||
| 050 | _aPS 353 .T733S76 1966 | ||
| 100 |
_aStout Rex _d1966 |
||
| 245 | _aKings Full of Aces | ||
| 260 |
_aCanada _bRex Stout _c1966 |
||
| 300 | _a472P. | ||
| 942 |
_2lcc _cSH_L_BOOKS _hPS 353 .T733S76 1966 |
||
| 999 |
_c6626 _d6626 |
||